Cây đậu xanh kỹ thuật trồng và chế biến sản phẩm
Nêu những biện pháp kỹ thuật, kinh nghiệm trồng và chế biến sản phẩm từ cây đậu xanh.
Сохранить в:
| Главный автор: | |
|---|---|
| Формат: | |
| Язык: | Undetermined |
| Опубликовано: |
Hà Nội
Nông Nghiệp
2003
|
| Предметы: | |
| Метки: |
Добавить метку
Нет меток, Требуется 1-ая метка записи!
|
| Thư viện lưu trữ: | Trung tâm Học liệu Trường Đại học Cần Thơ |
|---|
| LEADER | 00728nam a2200205Ia 4500 | ||
|---|---|---|---|
| 001 | CTU_91757 | ||
| 008 | 210402s9999 xx 000 0 und d | ||
| 020 | |c 9000 | ||
| 082 | |a 633.3 | ||
| 082 | |b Th309 | ||
| 100 | |a Phạm, Văn Thiều | ||
| 245 | 0 | |a Cây đậu xanh kỹ thuật trồng và chế biến sản phẩm | |
| 245 | 0 | |c Phạm Văn Thiều | |
| 260 | |a Hà Nội | ||
| 260 | |b Nông Nghiệp | ||
| 260 | |c 2003 | ||
| 520 | |a Nêu những biện pháp kỹ thuật, kinh nghiệm trồng và chế biến sản phẩm từ cây đậu xanh. | ||
| 650 | |a Field crops,Mung bean | ||
| 904 | |i Mai Loan | ||
| 980 | |a Trung tâm Học liệu Trường Đại học Cần Thơ | ||